Bandit brothers : (Record no. 730748)
[ view plain ]
| 000 -LEADER | |
|---|---|
| fixed length control field | 00427cam a2200145 a 4500 |
| 082 ## - DEWEY DECIMAL CLASSIFICATION NUMBER | |
| Classification number | 301 |
| Item number | SHA/B |
| 100 ## - MAIN ENTRY--AUTHOR NAME | |
| Personal name | Shanmugam Pillai, M Ed. |
| 245 14 - TITLE STATEMENT | |
| Title | Bandit brothers : |
| Sub Title | the story of cantan attevan / |
| Statement of responsibility, etc | edited by M Shanmugam Pillai |
| 246 ## - VARYING FORM OF TITLE | |
| Title proper/short title | The bandit brothers |
| 260 ## - PUBLICATION, DISTRIBUTION, ETC. (IMPRINT) | |
| Place of publication | Madras : |
| Name of publisher | Institute of Asian Studies, |
| Year of publication | 1993. |
| 300 ## - PHYSICAL DESCRIPTION | |
| Number of Pages | 277p. : |
| 490 ## - SERIES STATEMENT | |
| Series statement | Publication no 30 |
| 650 ## - SUBJECT ADDED ENTRY--TOPICAL TERM | |
| Topical Term | Anthropology |
| 942 ## - ADDED ENTRY ELEMENTS (KOHA) | |
| Koha item type | Book |
| Source of classification or shelving scheme | Dewey Decimal Classification |
| Withdrawn status | Lost status | Source of classification or shelving scheme | Damaged status | Not for loan | Collection code | Home Library | Current Location | Shelving location | Date acquired | Cost, normal purchase price | Full call number | Accession Number | Price effective from | Koha item type |
|---|---|---|---|---|---|---|---|---|---|---|---|---|---|---|
| Dewey Decimal Classification | Non-fiction | Dept. of Tamil | Dept. of Tamil | General Stacks | 20/06/2024 | 250.00 | 301 SHA/B | TAM19597 | 20/06/2024 | Book |
